00426nam a2200109Ia 4500008004100000082000800041100002300049245012400072942000600196952009900202999001500301240331s9999 xx 000 0 und d bNAI aUnited Nations. ed 4aThe Nairobi forward- looking strategies for the advancement of women :bequality, development and peace, Nairobi, Kenya cL 001040708LaWERCLbWERCLcSSCd2024-03-31l0o 305.406 NAIp2091r2024-03-31w2024-03-31yL c1815d1815